Zimná rozprávka : nepokojný zimný spánok /

Uložené v:
Podrobná bibliografia
Hlavný autor: Harajdová, Judita (Author)
Médium: Kniha
Jazyk:Slovak
Vydané: Bratislava : Lita, 1989
Vydanie:1. vyd.
ISBN: (brož.)
Fyzický popis: 29 s.
Tagy: Pridať tag
Žiadne tagy, Buďte prvý kto otaguje tento záznam!

MARC

LEADER 00000nam a2200000 a 4500
001 000270607
005 20060831171345.0
008 060831s1989 xo e 000 0 sloo
020 |a (brož.) 
040 |a SVKKK  |b slo  |c SVKKK  |e AACR2 
041 0 |a slo 
044 |a xo  |c SK 
100 1 |a Harajdová, Judita  |4 aut 
245 1 0 |a Zimná rozprávka :  |b nepokojný zimný spánok /  |c Judita Harajdová 
250 |a 1. vyd. 
260 |a Bratislava :  |b Lita,  |c 1989 
300 |a 29 s. 
998 |a BK 
090 |g SCKHL  |k Sklad Pribinova 3. posch.  |a V.167737  |j 797205  |i 2720218656  |s Absenčne